Biblioteca

Código de derecho canónico (Registro nro. 39577)

Detalles MARC
000 -LÍDER
Campo fijo de descripción fija 01763nam a2200373 i 4500
001 - NÚMERO DE CONTROL
Campo de control 768714001
003 - IDENTIFICADOR DEL NÚMERO DE CONTROL
Campo de control CO-MdFUSB
005 - FECHA Y HORA DE LA ULTIMA TRANSACCIÓN
control field 20190125153922.0
008 - ELEMENTOS DE LONGITUD FIJA -- INFORMACIÓN GENERAL
Campo fijo de descripción fija -- Información general 180518s2018 sp | |||| 001 0 spa
017 ## - COPYRIGHT OR LEGAL DEPOSIT NUMBER
Copyright or legal deposit number M 4244-2018
Assigning agency Oficina Depósito Legal Madrid
020 ## - NÚMERO INTERNACIONAL NORMALIZADO PARA LIBROS
Número Internacional Normalizado del libro 9788422020172
040 ## - FUENTE DE CATALOGACIÓN
Agencia de catalogación original SpMaBN
Idioma de catalogación spa
Convenciones de la descripción rda
Agencia que realiza la transcripción CO-MdFUSB
Agencia que realiza la modificación CO-MdFUSBC
041 1# - CÓDIGO DE IDIOMA
Código de idioma para texto/pista de sonido o título separado spa
-- lat
Código de idioma original lat
080 ## - UNIVERSAL DECIMAL CLASSIFICATION NUMBER
Universal Decimal Classification number 348:272-74"1983"(094.5)
082 ## - NÚMERO DE CLASIFICACIÓN DECIMAL DEWEY
Número de la edición del Dewey 22
Número de clasificación 348
Clave de autor-Numero de item F143
110 2# - ASIENTO PRINCIPAL--NOMBRE CORPORATIVO
Nombre corporativo o de jurisdicción como elemento de entrada Iglesia Católica
240 10 - TITULO UNIFORME
Título uniforme <a href="Codex juris canonici, 1983">Codex juris canonici, 1983</a>
245 10 - TÍTULO
Título del Material Código de derecho canónico
Parte restante del título - Subtitulo : edición bilingüe comentada por profesores de la Facultad de Derecho Canónico de la Universidad Pontificia de Salamanca
Mención de responsabilidad, etc. / colaboradores, Federico Aznar Gil ... [otros 5 colaboradores ; traducción castellana, Conferencia Episcopal Española]
250 ## - MENCIÓN DE EDICIÓN
Mención de edición Séptima edición.
Resto de la mención de edición (actualizada. y revisada.), abril. 2018
264 ## - PRODUCCIÓN, PUBLICACIÓN, DISTRIBUCIÓN, MANUFACTURA, Y COPYRIGHT
Lugar de producción, publicación, distribución, manufactura Madrid
Nombre del productor, publicador, distribuidor Biblioteca de Autores Cristianos,
Fecha de producción, publicación, distribución, manufactura, o copyright [2018]
300 ## - DESCRIPCIÓN FÍSICA
Extensión XLIII, 1391 páginas ;
Dimensiones 20 cm
336 ## - TIPO DE CONTENIDO
Término de tipo de contenido texto
Fuente rdacontent
Código de tipo de contenido txt
337 ## - TIPO DE MEDIO
Nombre del tipo de medio sin mediación
Fuente rdamedia
Código del tipo de medio n
338 ## - TIPO DE SOPORTE
Fuente rdacarrier
Nombre del tipo de soporte volumen
Código Tipo de soporte nc
490 0# - MENCIÓN DE SERIE
Mención de serie Biblioteca de autores cristianos
500 ## - NOTA GENERAL
Nota General Incluye apéndice documental e índice
505 ## - NOTA DE CONTENIDO
Título Libro I: Las normas generales
-- Libro II: El pueblo de Dios
-- Libro III: De la función de enseñar de la iglesia.
-- Libro IV: De la función de santificar de la iglesia.
-- Libro V: De los bienes temporales de la iglesia.
-- Libro VI: De las sanciones de la iglesia.
-- Libro VII: De los procesos.
650 #7 - ASIENTO SECUNDARIO DE MATERIA - TERMINO TEMÁTICO
Término temático o nombre geográfico como elemento de entrada Derecho canónico
Subdivisión de forma Códigos
700 1# - ASIENTO SECUNDARIO - NOMBRE PERSONAL
Nombre personal Aznar Gil, Federico R.
Fechas asociadas con el nombre 1953-
Responsabilidad editor literario
942 ## - TIPO DE MATERIAL (KOHA)
Tipo de Item KOHA Libros General
956 ## - LOCAL ELECTRONIC LOCATION AND ACCESS (OCLC)
Host name 1 2
Existencias
Estado de Material Estado de Perdido Estado de Dañado No para Préstamo Colección Tomo Biblioteca de Origen Biblioteca Permanente Fecha de Adquisición Total de Préstamos Signatura Topográfica Código de Barras Última vez visto Última vez Préstado Ejemplar/Existencia Fecha de Remplazo Tipo de Material
        Colección General   Biblioteca FUSBC Biblioteca FUSBC 20/01/2005 1 G 348 F143c 9196 13/12/2019 19/10/2016 1 26/01/2016 Libros General

Biblioteca FUSBC | Teléfono: (57+4) 349 88 10 Ext. 141| WhatsApp (+57) 3005338115 
E-mail: biblioteca@unisbc.edu.co | Calle 76 87-14 Robledo Palenque, Medellín, Colombia

Con tecnología Koha